The Foundations of History / (Record no. 187063)

000 -LEADER
fixed length control field 00954 a2200169 4500
003 - CONTROL NUMBER IDENTIFIER
control field Nust
005 - DATE AND TIME OF LATEST TRANSACTION
control field 20230130142528.0
040 ## - CATALOGING SOURCE
Transcribing agency Nust
082 ## - DEWEY DECIMAL CLASSIFICATION NUMBER
Classification number 912.1,WRA
100 ## - MAIN ENTRY--PERSONAL NAME
Personal name Wragge, Phyllis
9 (RLIN) 108105
245 ## - TITLE STATEMENT
Title The Foundations of History /
Statement of responsibility, etc. Phyllis Wragge
260 ## - PUBLICATION, DISTRIBUTION, ETC.
Place of publication, distribution, etc. London
Name of publisher, distributor, etc. Thomas Nelson
300 ## - PHYSICAL DESCRIPTION
Extent 291:p
505 ## - FORMATTED CONTENTS NOTE
Formatted contents note William Caxton (Page-9), Christopher Columbus (Page-19), Erasmus (Page-28), Sir Thomas More (Page-40), St. Teresa (Page-50), Sir Francis Drake (Page-61), The Pilgrim Fathers (Page-81), William Penn (Page-103), La Salle (Page-114), James Cook (Page-125), George Washington (Page-135), Napoleon Bonaparte (Page-148), Robert Owen (Page-158), Elizabeth Fry (Page-171), George Stephenson (Page-182), Florence Nightingale (Page-202), Garibaldi (Page-224), Louis Pasteur (Page-246), David Livingstone (Page-252), Questions and Suggestions for Handwork etc (Page-281).
650 ## - SUBJECT ADDED ENTRY--TOPICAL TERM
Topical term or geographic name entry element History Of Bible
9 (RLIN) 108106
942 ## - ADDED ENTRY ELEMENTS (KOHA)
Source of classification or shelving scheme
Koha item type Book
Holdings
Withdrawn status Lost status Source of classification or shelving scheme Damaged status Not for loan Permanent Location Current Location Shelving location Date acquired Full call number Barcode Date last seen Price effective from Koha item type Public note
          Military College of Signals (MCS) Military College of Signals (MCS) General Stacks 12/12/2016 912.1,WRA MCS29457 12/08/2016 12/12/2016 Book Almirah No.59, Shelf No.1
© 2023 Central Library, National University of Sciences and Technology. All Rights Reserved.